The law of nations: an introduction to international law

Salvato in:
Dettagli Bibliografici
Autore principale: Fawcett, J.E.S
Natura: Libro
Pubblicazione: London : Allen Lane The Penguin Press, 1968
Soggetti:
Tags: Aggiungi Tag
Nessun Tag, puoi essere il primo ad aggiungerne!!

MARC

LEADER 00000nam a2200000 4500
020 |a NA 
040 |a MUL  |b eng.  |e AACR 
082 |a 341 FAW 
100 |a Fawcett, J.E.S.  
245 |a The law of nations:   |b an introduction to international law  |c / by J.E.S. Fawcett 
260 |a London :   |b Allen Lane The Penguin Press,   |c 1968 
300 |a 195 p. :   |c 23cm 
504 |a Includes index 
546 |a eng 
650 |a Intenational law 
650 |a International relations 
942 |c BK 
999 |c 704  |d 704